Sign of Life - Motionless in White - Statistics

General Stats
  • This quiz has been taken 26 times
  • The average score is 188 of 279
Answer Stats
% Correct
a
100%
a,
100%
A
100%
I
100%
life?
100%
life
100%
of
100%
sign
100%
the
100%
you
100%
You
100%
in
88%
in)
88%
there's
88%
This
88%
this
88%
to
88%
an
75%
and
75%
are
75%
behind
75%
eyes
75%
how
75%
If
75%
it
75%
It's
75%
its
75%
it's
75%
(It's
75%
I've
75%
my
75%
So
75%
then
75%
Too
75%
where
75%
Am
63%
dead
63%
do
63%
fall
63%
find
63%
Find
63%
grave
63%
I'll
63%
I'm
63%
let
63%
on
63%
again
50%
ashes
50%
away
50%
bury
50%
cause
50%
choke
50%
coffin
50%
condemn
50%
control
50%
Create
50%
Despite
50%
far
50%
growth
50%
into
50%
light
50%
maze
50%
mind
50%
nails
50%
not
50%
Not
50%
numbness
50%
out
50%
pain
50%
relive
50%
Replace
50%
scarring
50%
scratch
50%
seed
50%
sown
50%
spinning
50%
starting
50%
synchronized
50%
throat
50%
through
50%
'til
50%
toxic
50%
Trapped
50%
(Trapped
50%
your
50%
cut
38%
me
38%
option
38%
option)
38%
ties
38%
unknown?
38%
unknown
38%
won't
38%
Bare
25%
close
25%
dark's
25%
drag
25%
heaven's
25%
hell
25%
knife
25%
lies
25%
pull
25%
soul
25%
twist
25%
Wasting
25%
with
25%
world
25%
No matching quizzes found
Score Distribution
Percent of People with Each Score
Percentile by Number Answered
Your Score History
You have not taken this quiz